Advanced topics in vibrations : presented at the 1987 ASME Design Technology Conferences--11th Biennial Conference on Mechanical Vibration and Noise, Boston, Massachusetts, September 27-30, 1987 /

Saved in:
Bibliographic Details
Corporate Authors: Conference on Mechanical Vibration and Noise Boston, Mass., American Society of Mechanical Engineers. Vibrations and Sound Committee
Other Authors: Karvelis, A. V., Huang, T. C. (Tzu Chuen), Simonis, J. C.
Format: Conference Proceeding Book
Language:English
Published: New York, N.Y. (345 E. 47th St., New York 10017) : American Society of Mechanical Engineers, c1987.
Subjects:
LEADER 01602nam a2200325 a 4500
001 c000187802
003 CARM
005 19990916000000.0
008 871015s1987 nyua b 100 0 eng
010 |a 87072404 
019 1 |a 5828304  |5 LACONCORD2021 
035 |a (OCoLC)16930932  |5 LACONCORD2021 
040 |a DLC  |b eng  |c DLC  |d DLC  |d LC 
050 0 0 |a TA355  |b .C67 1987 
082 0 4 |a 620.3  |2 19 
082 0 4 |a 620.3  |2 19 
111 2 |a Conference on Mechanical Vibration and Noise  |n (11th :,  |d 1987 :  |c Boston, Mass.) 
245 1 0 |a Advanced topics in vibrations :  |b presented at the 1987 ASME Design Technology Conferences--11th Biennial Conference on Mechanical Vibration and Noise, Boston, Massachusetts, September 27-30, 1987 /  |c sponsored by the Technical Committee on Vibrations and Sound of the Design Engineering Division, ASME ; edited by T.C. Huang, A.V. Karvelis ; technical program chairman, J.C. Simonis. 
260 |a New York, N.Y. (345 E. 47th St., New York 10017) :  |b American Society of Mechanical Engineers,  |c c1987. 
300 |a iv, 205 p. :  |b ill. ;  |c 28 cm. 
500 |a "DE-vol. 8." 
504 |a Includes bibliographies. 
650 0 |a Vibration  |x Congresses. 
700 1 |a Karvelis, A. V. 
700 1 |a Huang, T. C.  |q (Tzu Chuen) 
700 1 |a Simonis, J. C. 
710 2 |a American Society of Mechanical Engineers.  |b Vibrations and Sound Committee. 
852 8 |b CARM  |h A2:AQ15B0  |i D08778  |p 0251893  |f BK 
999 f f |i 70ea5d46-912c-5ee2-9196-4fd941ced3ae  |s e86b4a63-7e3e-553a-97b6-cf96c3f4d3f6 
952 f f |p Can circulate  |a CAVAL  |b CAVAL  |c CAVAL  |d CARM 1 Store  |e D08778  |f A2:AQ15B0  |h Other scheme  |i book  |m 0251893